000 01483nam a22003377a 4500
003 OSt
005 20240422012009.0
008 240421b ||||| |||| 00| 0 eng d
040 _bEnglish.
_cCvSU-CCAT Campus Library.
_erda.
050 _aUM HF 5549.2.P6
_bJ56 2018
100 _aJimenez, Roxette C., author.
_911211
245 _aImpact of intrinsic motivation on employees performance at Boamax Philippines Technologies Inc. /
_cRoxette C. Jimenez, Efrelyn A. Regondola, and Mary Jane N. Solis.
260 _aRosario, Cavite :
_bCavite State University-CCAT Campus,
_c2018.
300 _axiv, 68 leaves :
_billustrations ;
_c28 cm
500 _aAn Undergraduate Case Study (BSBM) -- Cavite State University-CCAT Campus, 2018.
504 _aIncludes bibliographical references and appendices.
546 _aIn English text.
650 _aIntrinsic motivation.
_911212
650 _aJob satisfaction.
_96596
650 _aMotivation.
_911213
650 _aPersonal management -- Philippines.
_911214
650 _aRetention.
_911218
650 _aContracting out -- Philippines.
_911219
650 _aBoamax Philippines Technologies Inc. (BPTI)
_911215
700 _aRegondola, Efrelyn A., author.
_911216
700 _aSolis, Mary Jane N. author.
_911217
700 _aTadeo, Jerico B., adviser.
_96612
700 _aAmbas, Arman M., technical critic.
_96668
942 _2lcc
_cT/M/D
_hHF 4459.2.P6 J56 2018
_kUM
999 _c3144
_d3144